1596 1160 1989 1594 1940 1897 1361 1492 1678 1782 1590 1592 1804 1635 1576 1155 1862 1972 1911 1626 1713 1153 1866 1332 1873 1429 1792 1707 1226 1297 1112 1974 1768 1825 1510 1527 1973 1297 1325 1381 1743 1660 1831 1130 1709 1860 1880 1796 1779 1324 1070 1512 1531 1881 1438 1054 1071 1716 1081 1960 1273 1612 1653 1799 1027 1721 1975 1140 1041 1363 1282 1660 1132 1255 1220 1003 1034 1646 1023 1118 1568 1149 1072 1049 1311 1593 1830 1946 1627 1175 1415 1341 1795 1136 1432 1869 1094 1544 1308 BCNSPRNW ULIB Ver.6.0+V

เปลี่ยนเป็นภาษาไทย

Change to English
 แสดงรายละเอียดบรรณานุกรม
  กลับหน้าหลัก

Brief Record : Get Marc (ISO 2709) : E-mail record : QR code < ปิดหน้าต่าง
LEADER : 00000nam 2200000uu 4500
001    13399111663
003     ULIB
008    110704s2549||||th 000 0 tha d
050  4 BQ4570^bอ679ห 2549
100 0  พระอาจารย์อำนาจ โอภาโส
245 10 หยดน้ำแห่งแรงบันดาลใจ /^cพระอาจารย์อำนาจ โอภาโส
260    กรุงเทพฯ :^bพุทธธรรมสถานผาซ่อนแก้ว,^c2549
300    51 หน้า ;^c21 ซม.
650  7 ธรรมะ
945    ^p0^l0^i019311
995    ทศพร
999 ^a ใช้งานได้ทุกระบบ
รายการนี้ยังไม่มีแท็ก
คุณยังไม่ได้ล็อกอิน คุณสามารถมีกิจกรรมร่วมกับเว็บไซต์ได้ แต่ต้องล็อกอินก่อน ::
  ล็อกอิน

รายการสื่อสารสนเทศ

ลำดับที่ ประเภท เลขเรียก/บาร์โค้ด สถานที่ สถานะ
- ไม่พบข้อมูล -

รายการใกล้เคียง
    ผู้แต่ง [พระอาจารย์อำนาจ โอภาโส]

    หัวเรื่อง [ธรรมะ]

BibComment


ยังไม่เคยถูกคอมเมนท์

คอมเมนท์ทรัพยากรรายการนี้
  คอมเมนท์: หยดน้ำแห่งแรงบันด..


 Copyright 2026. Bcnsprnw @Library